000 00981nas a2200313 4500
001 BR2019001128
003 BR-BrBNA
005 20231205131848.0
007 ta
008 230509b bl.|||p| |||| 00| 00por d
040 _aBR-BrBNA
_bpor
_cBiblioteca Nacional de Agricultura
041 _a(Pt)
072 _aL70
100 1 _aNegrelli, K.
100 1 _aGotti, T.
100 1 _aLabarthe, N.
100 1 _aMachado, T.S.
100 1 _aAlbanese, R.
100 1 _aWinter, L.M.F.
100 1 _aFantoni, D.
100 1 _aLousana, G.
245 1 _aO contexto atual da pesquisa clínica nas indústrias e faculdades de Medicina Veterinária do Estado de São Paulo, Brasil
650 _aVETERINÁRIA
650 _aPESQUISA
650 _aMERCADO
773 0 _tRevista de Educação Continuada em Medicina Veterinária e Zootecnia (Brazil)
_xISSN 2179-6645
_g(2018), v. 16(1) p. 38-44
_wBR2019001128
909 _a202311
_bLúcia
_c55
_dLúcia Elande
942 _2AGRIS
_n0
_cANA
999 _c257145
_d257145